Election of 1812 Trivia - Statistics

General Stats
  • This quiz has been taken 27 times
  • The average score is 14 of 18
Answer Stats
Hint Answer % Correct
Their party Democratic-Republican
100%
Their party Democratic-Republican
100%
Party that had recently broke up Federalist
100%
Victor James Madison
100%
Their home state Virginia
100%
Number of states carried 11
89%
Number of states carried 7
89%
Country seizing American sailors toofuel their war British Empire
89%
Opponent Dewitt Clinton
84%
State with the largest margin Kentucky
84%
Their home state New York
84%
State with the closest margin Maryland
79%
States in which this was their first election Louisiana
74%
Major series of European wars that was a large point of discussion in American politics Napoleonic Wars
58%
State where that despite being a swingstate only got 2 votes for the loser as a form of protest against the state legislature New Jersey
58%
Candidate in 3rd place Rufus King
53%
Their running mate Elbridge Jerry
26%
Their running mate Jared Ingersoll
21%
No matching quizzes found
Score Distribution
Percent of People with Each Score
Percentile by Number Answered
Your Score History
You have not taken this quiz